The third way (Record no. 73788)

MARC details
000 -LEADER
fixed length control field 01315cam a2200217 4500
001 - CONTROL NUMBER
control field ABS67275
008 - FIXED-LENGTH DATA ELEMENTS--GENERAL INFORMATION
fixed length control field 031113n2003 000 0 eng u
035 ## - SYSTEM CONTROL NUMBER
System control number (Sirsi) u124317
100 ## - MAIN ENTRY--PERSONAL NAME
Personal name Warwick, M.
245 #4 - TITLE STATEMENT
Title The third way
260 ## - PUBLICATION, DISTRIBUTION, ETC.
Date of publication, distribution, etc. 2003
490 ## - SERIES STATEMENT
Series statement Estates Gazette
Volume/sequential designation (0345) 8 November 2003, 170-172(2)
520 ## - SUMMARY, ETC.
Summary, etc. Considers how the courts approach the doctrine of the admissible matrix of fact in the interpretation of contracts. "Investors Compensation Scheme Ltd v West Bromwich Building Society" (HL, X84874) laid down five principles by which contractual documents are to be construed. Principles one and two focus on the matrix of fact, principle three sets a limit on the admissible matrix of fact and principles four and five serve as guidance as to when a court might depart from the natural meaning of words. The article focuses on how "P and S Platt Ltd v Crouch" ([2003] EWCA Civ 110, X124185) applies principle three in holding that pre-contract negotiations were not admissible in a case involving the Law of Property Act 1925 s62.
590 ## - LOCAL NOTE (RLIN)
Local note ABS
650 ## - SUBJECT ADDED ENTRY--TOPICAL TERM
Topical term or geographic name entry element P AND S PLATT LTD V CROUCH
650 ## - SUBJECT ADDED ENTRY--TOPICAL TERM
Topical term or geographic name entry element INVESTORS COMPENSATION SCHEME LTD V WEST BROMWICH BUILDING SOCIETY
650 ## - SUBJECT ADDED ENTRY--TOPICAL TERM
Topical term or geographic name entry element INTERPRETATION
650 ## - SUBJECT ADDED ENTRY--TOPICAL TERM
Topical term or geographic name entry element ADMISSIBLE EVIDENCE
690 ## - LOCAL SUBJECT ADDED ENTRY--TOPICAL TERM (OCLC, RLIN)
Topical term or geographic name as entry element LAW-CASE LAW
942 ## - ADDED ENTRY ELEMENTS (KOHA)
Suppress in OPAC 0
Holdings
Withdrawn status Lost status Source of classification or shelving scheme Damaged status Not for loan Home library Current library Shelving location Date acquired Total Checkouts Full call number Barcode Date last seen Copy number Price effective from Koha item type
    Dewey Decimal Classification     London London Journal article 13/11/2003   ABS67275 124317-1001 06/08/2019 1 06/08/2019 Journal article